000 00855nam a22002897a 4500
003 CHAP
005 20220329134215.0
008 971013s1948 r 00010 d
010 _a16976
011 _a17948
035 _a22032
040 _cCHAP
090 _aFolleto 8714
100 0 0 _aJastram, Roy W.
_961230
245 _aElementos of statistical inference
260 _aBerkeley, Ca., :
_bCalifornia Book,
_c1948
300 _a69 p.
590 _aBATCH-UPD
_b10
_c20130110
_lUCH01
_h0149
590 _aBATCH-UPD
_b10
_c20130110
_lUCH01
_h2105
590 _aBATCH-UPD
_b10
_c20130410
_lUCH01
_h1417
590 _aBATCH-UPD
_b10
_c20130914
_lUCH01
_h1323
590 _aCONVERSION
_b10
_c20130109
_lUCH01
_h1311
650 1 4 _aEstadística.
_938241
901 _aBK
942 _cFOLL
949 _aFolleto 8714
_bBC
_cFOLL
_d-51277
_eTS1
_i22032
_mDonación
_si
999 _c16976
_d16976